Monografía sobre el aporte potencial de la ingeniería industrial a los servicios de salud
保存先:
| 第一著者: | |
|---|---|
| その他の著者: | |
| フォーマット: | 図書 |
| 出版事項: |
San José, Costa Rica
1991
|
| 主題: | |
| タグ: |
タグ追加
タグなし, このレコードへの初めてのタグを付けませんか!
|
MARC
| LEADER | 00000nam a2200000Ia 4500 | ||
|---|---|---|---|
| 003 | 007433 | ||
| 005 | 20221231144302.0 | ||
| 008 | 140114s1991 cr a m 000 ||s d | ||
| 040 | |c cru CEDI | ||
| 090 | |a TFG 3145 | ||
| 100 | |a Peña Varela, Eliana |9 11235 | ||
| 245 | |a Monografía sobre el aporte potencial de la ingeniería industrial a los servicios de salud | ||
| 260 | |c 1991 |a San José, Costa Rica | ||
| 300 | |a vii, 207 hojas ; 27 cm. | ||
| 500 | |a Proyecto de graduacion (licenciatura en ingenieria industrial)--Universidad de Costa Rica. Facultad de Ingeniería. Escuela de Ingenieria Industrial | ||
| 650 | |x SALUD PUBLICA - COSTA RICA |9 11237 | ||
| 700 | |9 11236 |a Obaldía Marín, Laura | ||
| 942 | |c TFG | ||
| 999 | |c 19595 |d 19595 | ||
